الإيجاز في تاريخ البصرة والأحساء ونجد والحجاز 1-1385 هـ / 622-1965 م / (رقم التسجيلة. 3967)

تفاصيل مارك
000 -الفاتح
حقل البيانات ثابتة الطول 01064cam a22002891a 4500
001 - رقم الضبط
رقم الضبط AUC_OC_79572
001 - رقم الضبط
رقم الضبط AUC_OC_203439
001 - رقم الضبط
رقم الضبط AUC_OC_203441
003 - محدد رقم الضبط
رقم الضبط SA_RiAUC
005 - وقت وتاريخ اخر تعامل مع التسجيلة
رقم الضبط 20150408113751.0
008 - عناصر البيانات ثابتة الطول - معلومات عامة
حقل البيانات ثابتة الطول 091118s2009____le g 000 0 ara c
020 ## - الرقم الدولى المعيارى للكتب
الرقم الدولى المعيارى للكتاب 9789990668421
040 ## - مصدر الفهرسة
وكالة الفهرسة الأصلية mb
لغة الفهرسة ara
وكالة النسخ mb
043 ## - رمز المنطقة الجغرافية
رمز المنطقة الجغرافية a-iq---
-- a-su---
082 04 - رقم تصنيف ديوى العشرى
رقم التصنيف 953
رقم الطبعة 21
090 ## - رقم الضبط المحلى
رقم تصنيف (OCLC) (R) ;رقم تصنيف, CALL (RLIN) (NR) DS38.2
كتر محلي OCLC رقم كتاب / رقم طلب غير مقسم,رقم RLIN( غير مكرر) F38 2009
245 02 - بيان العنوان
العنوان الإيجاز في تاريخ البصرة والأحساء ونجد والحجاز 1-1385 هـ / 622-1965 م /
بيان المسئوليه,etc جمع وإعداد وتأليف عارف مرضى الفتح.
250 ## - بيان الطبعة
بيان الطبعة ط. 1.
260 ## - PUBLICATION, DISTRIBUTION, ETC. (IMPRINT)
مكان الناشر او الموزع بيروت :
اسم الناشر او الموزع الدار العربية للموسوعات،
تاريخ النشر أو التوزيع 2009
300 ## - الوصف المادى
التعداد 2 مج. ؛
أبعاد الوعاء 27 سم.
651 #7 - المدخل الاضافى بالموضوع - اسم جغرافى
الاسم الجغرافي البصرة (العراق)
التقسيم الفرعي العام تاريخ
مصدر الرأس أو المصطلح aucsh
9 (RLIN) 16
651 #7 - المدخل الاضافى بالموضوع - اسم جغرافى
الاسم الجغرافي الأحساء (السعودية)
التقسيم الفرعي العام تاريخ
مصدر الرأس أو المصطلح aucsh
9 (RLIN) 17
651 #7 - المدخل الاضافى بالموضوع - اسم جغرافى
الاسم الجغرافي نجد (السعودية)
التقسيم الفرعي العام تاريخ
مصدر الرأس أو المصطلح aucsh
9 (RLIN) 18
651 #7 - المدخل الاضافى بالموضوع - اسم جغرافى
الاسم الجغرافي الحجاز
التقسيم الفرعي العام تاريخ
مصدر الرأس أو المصطلح aucsh
9 (RLIN) 19
700 1# - المدخل الاضافى - اسم شخصى
الإسم الشخصى الفتح، عارف مرضي
الدور جامع.
9 (RLIN) 20
942 ## - عناصر المدخل الإضافي( كوها)
مصدر التصنيف او مخطط الترفيف Dewey Decimal Classification
Koha [default] item type كتاب
المقتنيات
حالة الفقد نموذج السعر الفعال حالة تلف ليس للاعارة رقم الطلب تاريخ الاكتساب الموقع الحالي الباركود الفرع الرئيسي Date last seen نوع المادة فى نظام كوها مصدر التصنيف او خطة الترفيف Total Checkouts Total Renewals Date last checked out مُعار
  2013-03-10     953 مج1 ف ع ا 2011-05-30 المكتبة المركزية بالمجمعة (CL) 00060241 المكتبة المركزية بالمجمعة (CL) 2013-03-10 كتاب Dewey Decimal Classification        
  2013-03-10     953 مج1 ف ع ا 2011-05-30 المكتبة المركزية بالمجمعة (CL) 00060237 المكتبة المركزية بالمجمعة (CL) 2013-03-10 كتاب Dewey Decimal Classification        
  2013-03-10     953 مج1 ف ع ا 2011-05-30 المكتبة المركزية بالمجمعة (CL) 00060239 المكتبة المركزية بالمجمعة (CL) 2013-03-10 كتاب Dewey Decimal Classification        
  2013-03-10     953 مج2 ف ع ا 2011-05-30 المكتبة المركزية بالمجمعة (CL) 00060240 المكتبة المركزية بالمجمعة (CL) 2013-03-10 كتاب Dewey Decimal Classification        
  2013-03-10     953 مج2 ف ع ا 2011-05-30 المكتبة المركزية بالمجمعة (CL) 00060238 المكتبة المركزية بالمجمعة (CL) 2025-12-11 كتاب Dewey Decimal Classification 1 1 2025-12-11 2026-02-19